Missing Word: Four Colors Quiz Stats

 Plays Quiz Updated Dec 12, 2017

Challenge
Share
Tweet
Embed
Score 0/20 Timer 02:00
0 Plays Today
Hint Missing Word % Correct
Little Red Riding _____ (Fable)Hood
97%
Boston Red _____ (Sports Team)Sox
95.8%
Follow the Yellow _____ Road (Quote)Brick
94.8%
Blue Suede _____ (Song)Shoes
93.7%
The _____ for Red October (Movie, Book)Hunt
90.8%
Something Old, Something New, Something _____, Something Blue (Saying)Borrowed
90.6%
We All Live in a Yellow _____ (Lyric)Submarine
90.4%
The Green _____ (Superhero)Lantern/Hornet
87%
Red Sky at _____, Sailor's Delight (Saying)Night
86.3%
_____ Green Tomatoes (Food, Book, Movie) Fried
85.6%
Hint Missing Word % Correct
Anne of Green _____ (Book Series) Gables
84%
Don't It Make My _____ Eyes Blue (Song) Brown
78%
Yellow Taxi _____ (Transport Service) Cab
76.4%
It's Not _____ Being Green (Song)Easy
75.8%
Where the Red _____ Grows (Book)Fern
71.3%
The Yellow Rose of _____ (Song)Texas
68%
_____ With the Yellow Hat (Children's Book Character) Man
66.1%
Blue _____ Ice Cream (Brand)Bunny
59.9%
Bear in the Big Blue _____(Kid's Show)House
51.1%
The Green _____ (Supervillain)Goblin
45.6%

Today's Daily Dose

Word Ladder
Bruno Mars Song

Get the Picture
Japanese Cars

You're not logged in!

Compare scores with friends on all Sporcle quizzes.
OR
Log In

You Might Also Like...

Show Comments

Extras

Top Quizzes Today


Score Distribution

Your Account Isn't Verified!

In order to create a playlist on Sporcle, you need to verify the email address you used during registration. Go to your Sporcle Settings to finish the process.

Report this User

Report this user for behavior that violates our Community Guidelines.

Details: